[Event "Wch U14"]
[Site "Montesilvano"]
[Date "2023.11.22"]
[Round "9"]
[White "Boci, Mateo"]
[Black "Vingris, Mikelis"]
[Result "0-1"]
[WhiteElo "1832"]
[BlackElo "2127"]
[PlyCount "114"]
[EventDate "2023.11.13"]
[EventType "swiss"]
[EventRounds "11"]
[EventCountry "ITA"]
[SourceTitle "CB48_2023"]
[SourceDate "2023.11.29"]
[SourceVersion "1"]
[SourceVersionDate "2023.11.29"]
[SourceQuality "1"]

1. e4 c5 2. Nf3 d6 3. Bc4 Nf6 4. d3 e6 5. 0-0 Be7 6. c3 0-0 7. Bb3 b5 8. a3 Bb7 9. Re1 Nbd7 10. h3 Rc8 11. Nbd2 Qc7 12. Bc2 Rfd8 13. Nf1 Ne5 14. Ng3 Nfd7 15. Be3 Nxf3+ 16. Qxf3 d5 17. Rad1 Bd6 18. Nf1 a6 19. Qe2 h6 20. Bb1 Nf6 21. Bc1 dxe4 22. dxe4 Be5 23. g3 Rxd1 24. Rxd1 Qc6 25. f3 a5 26. Be3 Bc7 27. Qf2 Nd7 28. Bc2 Bb8 29. c4 bxc4 30. Kg2 Be5 31. Qd2 Nf8 32. Qxa5 Bxb2 33. Nd2 Ra8 34. Qxc5 Qxc5 35. Bxc5 Bxa3 36. Bxa3 Rxa3 37. Nxc4 Ra2 38. Ne3 Ra3 39. Kf2 Ra8 40. g4 g5 41. Kg3 Ng6 42. Rd7 Ra3 43. Rd3 Ra1 44. Rd1 Ra2 45. Rd8+ Kg7 46. Rd7 Ba6 47. Ra7 Nf4 48. h4 Ne2+ 49. Kf2 Nd4 50. Kg3 gxh4+ 51. Kxh4 Nxf3+ 52. Kg3 Ng5 53. e5 Ra3 54. Kh2 Rxe3 55. Rxa6 Re2+ 56. Kg3 Rxc2 57. Ra7 Rc3+ 0-1

[Event "Wch U14"]
[Site "Montesilvano"]
[Date "2023.11.16"]
[Round "4"]
[White "Kuziev, Miraziz"]
[Black "Boci, Mateo"]
[Result "1-0"]
[WhiteElo "2053"]
[BlackElo "1832"]
[PlyCount "113"]
[EventDate "2023.11.13"]
[EventType "swiss"]
[EventRounds "11"]
[EventCountry "ITA"]
[SourceTitle "CB48_2023"]
[SourceDate "2023.11.29"]
[SourceVersion "1"]
[SourceVersionDate "2023.11.29"]
[SourceQuality "1"]

1. d4 Nf6 2. c4 e6 3. Nc3 Bb4 4. e3 0-0 5. Bd2 b6 6. Nf3 Bb7 7. Bd3 d5 8. cxd5 exd5 9. Rc1 a6 10. Ne5 Nbd7 11. f4 Re8 12. 0-0 c5 13. a3 Bxc3 14. Bxc3 c4 15. Bf5 Bc8 16. Qf3 Nf8 17. Bb1 Bb7 18. Nxc4 dxc4 19. Qxb7 Rxe3 20. Rce1 Rxe1 21. Rxe1 Ne6 22. Be4 Rc8 23. Bf5 Rb8 24. Qxa6 Nxd4 25. Bb1 b5 26. Qa7 Nc6 27. Qc5 Qb6 28. Qxb6 Rxb6 29. Rd1 Rb8 30. Rd6 Ne7 31. h3 Ned5 32. Be5 Re8 33. g4 Re6 34. Rd8+ Re8 35. Rxe8+ Nxe8 36. Be4 Ndc7 37. f5 f6 38. Bf4 Kf7 39. Bc6 Ke7 40. Kf2 g6 41. fxg6 hxg6 42. h4 Ne6 43. Ke3 g5 44. Bh2 gxh4 45. Bxb5 Nd6 46. Bxd6+ Kxd6 47. Bxc4 Ng5 48. Kf4 Nh3+ 49. Kf5 Nf2 50. Be2 h3 51. b4 Kc6 52. Bf3+ Kd7 53. Kxf6 h2 54. g5 Ke8 55. b5 Nd3 56. g6 Kf8 57. g7+ 1-0

[Event "EU-ch U14 rapid"]
[Site "Terme Catez"]
[Date "2023.09.29"]
[Round "9"]
[White "Glavac, Leo"]
[Black "Boci, Mateo"]
[Result "0-1"]
[WhiteElo "1700"]
[BlackElo "1835"]
[PlyCount "92"]
[EventDate "2023.09.28"]
[EventType "swiss (rapid)"]
[EventRounds "9"]
[EventCountry "SLO"]
[SourceTitle "EXT 2024"]
[Source "ChessBase"]
[SourceDate "2023.10.10"]
[SourceVersion "1"]
[SourceVersionDate "2023.10.10"]
[SourceQuality "1"]

1. e4 c5 2. Nf3 Nc6 3. d4 cxd4 4. Nxd4 Nf6 5. Nc3 e5 6. Nb3 Bb4 7. Bd3 0-0 8. 0-0 Bxc3 9. bxc3 d5 10. exd5 Nxd5 11. Bb2 Nf4 12. Qf3 Qg5 13. Qg3 Qh6 14. Rad1 Be6 15. Rfe1 Rad8 16. c4 f6 17. Nc5 Bc8 18. Ne4 Nd4 19. Bxd4 Rxd4 20. Nc3 Rfd8 21. Nb5 Nxg2 22. Kxg2 Rg4 23. Bxh7+ Kxh7 24. Rxd8 Rxg3+ 25. fxg3 Bh3+ 26. Kg1 Qg6 27. Rd2 Qg5 28. Rde2 Be6 29. Nd6 Qg4 30. Re4 Qf3 31. Nb5 a6 32. Nd6 Qc3 33. R1e2 Kg8 34. Kg2 Qb4 35. Ne8 Qe7 36. Nxf6+ gxf6 37. R4e3 Bxc4 38. Rd2 Bb5 39. g4 Bc6+ 40. Kg1 Qc5 41. Rde2 Qd4 42. c3 Qd5 43. g5 Qh1+ 44. Kf2 Bb5 45. Rd2 Qxh2+ 46. Ke1 Qg1# 0-1

[Event "Konjic op 12th"]
[Site "Konjic"]
[Date "2023.03.03"]
[Round "4"]
[White "Boci, Mateo"]
[Black "Ekmescic, Edhem"]
[Result "1-0"]
[WhiteElo "1677"]
[BlackElo "1909"]
[PlyCount "47"]
[EventDate "2023.03.01"]
[EventType "swiss"]
[EventRounds "7"]
[EventCountry "BIH"]
[SourceTitle "CBM 213 Extra"]
[Source "ChessBase"]
[SourceDate "2023.05.31"]
[SourceVersion "1"]
[SourceVersionDate "2023.05.31"]
[SourceQuality "1"]

1. e4 c5 2. Nf3 Nc6 3. d4 cxd4 4. Nxd4 Nf6 5. Nc3 d6 6. f3 g6 7. Be3 Bg7 8. Qd2 h5 9. h4 Bd7 10. Bc4 Rc8 11. Bb3 Ne5 12. Qe2 Qa5 13. 0-0-0 a6 14. Kb1 b5 15. Nd5 Nxd5 16. exd5 0-0 17. g4 hxg4 18. f4 Nc4 19. h5 Nxe3 20. Qxe3 Qb6 21. Qxe7 Rc7 22. hxg6 Bxd4 23. Qh4 Kg7 24. Qh6+ 1-0

[Event "Konjic op 12th"]
[Site "Konjic"]
[Date "2023.03.02"]
[Round "2"]
[White "Boci, Mateo"]
[Black "Ramaj, Ergit"]
[Result "0-1"]
[WhiteElo "1677"]
[BlackElo "1861"]
[PlyCount "59"]
[EventDate "2023.03.01"]
[EventType "swiss"]
[EventRounds "7"]
[EventCountry "BIH"]
[SourceTitle "CBM 213 Extra"]
[Source "ChessBase"]
[SourceDate "2023.05.31"]
[SourceVersion "1"]
[SourceVersionDate "2023.05.31"]
[SourceQuality "1"]

1. e4 c5 2. Nf3 d6 3. d4 cxd4 4. Nxd4 Nf6 5. Nc3 g6 6. Be3 Bg7 7. f3 0-0 8. Qd2 Nc6 9. 0-0-0 d5 10. Nxc6 bxc6 11. Bh6 Bxh6 12. Qxh6 e5 13. exd5 cxd5 14. Qg5 Qd6 15. h4 Kg7 16. h5 h6 17. Qd2 Nxh5 18. Qxd5 Qxd5 19. Nxd5 Nf6 20. Kb1 Nxd5 21. Rxd5 e4 22. fxe4 Bg4 23. Bd3 h5 24. c4 Be6 25. Ra5 Rfd8 26. Kc2 Rd4 27. Rc5 Rad8 28. Rd1 h4 29. Be2 Rxd1 30. Bxd1 0-1

[Event "EU-ch U12 30th"]
[Site "Antalya"]
[Date "2022.11.10"]
[Round "5"]
[White "Boci, Mateo"]
[Black "Dordevic, Tom"]
[Result "0-1"]
[WhiteElo "1651"]
[BlackElo "1995"]
[PlyCount "49"]
[EventDate "2022.11.06"]
[EventType "swiss"]
[EventRounds "9"]
[EventCountry "TUR"]
[SourceTitle "EXT 2024"]
[Source "ChessBase"]
[SourceDate "2023.10.10"]
[SourceVersion "1"]
[SourceVersionDate "2023.10.10"]
[SourceQuality "1"]

1. e4 c5 2. Nf3 d6 3. d4 cxd4 4. Nxd4 Nf6 5. Nc3 a6 6. Bg5 e6 7. f4 Be7 8. Qf3 Qc7 9. 0-0-0 Nbd7 10. g4 b5 11. Bxf6 Nxf6 12. f5 b4 13. Nce2 e5 14. Nb3 Bb7 15. Ng3 Rc8 16. Bd3 d5 17. Qe2 0-0 18. Kb1 a5 19. g5 dxe4 20. gxf6 exd3 21. cxd3 Bxf6 22. Rhg1 Bf3 23. Qd2 Bxd1 24. Qxd1 Qb6 25. Nd2 0-1

[Event "EU-ch Hybrid U12"]
[Site "Tornelo INT"]
[Date "2021.10.15"]
[Round "7"]
[White "Belchev, Valeri"]
[Black "Boci, Mateo"]
[Result "0-1"]
[WhiteElo "1250"]
[BlackElo "1299"]
[PlyCount "84"]
[EventDate "2021.10.15"]
[EventType "swiss"]
[EventRounds "9"]
[EventCountry "NET"]
[SourceTitle "EXT 2023"]
[Source "ChessBase"]
[SourceDate "2022.10.05"]
[SourceVersion "1"]
[SourceVersionDate "2022.10.05"]
[SourceQuality "1"]
[WhiteTeam "Bulgaria"]
[BlackTeam "Albania"]
[WhiteTeamCountry "BUL"]
[BlackTeamCountry "ALB"]

1. e4 c5 2. b4 cxb4 3. d4 g6 4. a3 Bg7 5. axb4 d6 6. c3 Nf6 7. Bd3 Nbd7 8. Bg5 b6 9. Nf3 Bb7 10. Nbd2 Qc7 11. Qb3 0-0 12. 0-0 e6 13. Rfe1 h6 14. Bh4 a6 15. Bg3 Nh5 16. e5 dxe5 17. Bxe5 Nxe5 18. Nxe5 Nf4 19. Be4 Bxe5 20. dxe5 Rfd8 21. Bxb7 Qxb7 22. Nf3 Rd3 23. Re3 Rad8 24. Rae1 Qc6 25. g3 Nh3+ 26. Kf1 Rd2 27. R1e2 R2d3 28. Qc2 Qc4 29. Kg2 Qg4 30. Rxd3 Rxd3 31. Re3 Nf4+ 32. Kg1 Rxe3 33. fxe3 Nd5 34. Kf2 Qc4 35. Qa4 Qxc3 36. Qxa6 Qxe3+ 37. Kg2 Nxb4 38. Qc8+ Kg7 39. Qc4 Nd5 40. Qb5 Nc3 41. Qc4 Ne4 42. Qd4 Qe2+ 0-1

[Event "EU-ch Hybrid U12"]
[Site "Tornelo INT"]
[Date "2021.10.15"]
[Round "1"]
[White "Bukreev, Stanislav"]
[Black "Boci, Mateo"]
[Result "1-0"]
[WhiteElo "1745"]
[BlackElo "1299"]
[PlyCount "107"]
[EventDate "2021.10.15"]
[EventType "swiss"]
[EventRounds "9"]
[EventCountry "NET"]
[SourceTitle "EXT 2023"]
[Source "ChessBase"]
[SourceDate "2022.10.05"]
[SourceVersion "1"]
[SourceVersionDate "2022.10.05"]
[SourceQuality "1"]
[WhiteTeam "Russia"]
[BlackTeam "Albania"]
[WhiteTeamCountry "RUS"]
[BlackTeamCountry "ALB"]

1. d4 Nf6 2. c4 e6 3. Nf3 d5 4. Nc3 b6 5. Bg5 Be7 6. cxd5 exd5 7. e3 0-0 8. Bd3 h6 9. Bh4 Be6 10. 0-0 Nbd7 11. Rc1 c5 12. h3 a6 13. Bb1 Re8 14. Qd2 Rc8 15. Rfd1 c4 16. Bxf6 Nxf6 17. Ne5 b5 18. Ne2 Nd7 19. Qc2 Nf8 20. Nf4 Bd6 21. Nxe6 Rxe6 22. Nf3 Bb8 23. Qd2 Re8 24. Re1 Ne6 25. Qc2 g6 26. g3 Qf6 27. Kg2 a5 28. h4 h5 29. Qd2 b4 30. e4 dxe4 31. Rxe4 Red8 32. Qe2 c3 33. bxc3 bxc3 34. Qe3 Ba7 35. Rxc3 Rxc3 36. Qxc3 Nxd4 37. Rf4 Qb6 38. Nxd4 Rxd4 39. Qc8+ Rd8 40. Qc4 Qb7+ 41. Be4 Qe7 42. Bxg6 Qb7+ 43. Rf3 Rd7 44. Bxh5 Qc7 45. Qg4+ Kf8 46. Qg5 Bd4 47. Bg4 Re7 48. Rd3 Bg7 49. h5 Re8 50. Bf3 Qb6 51. Rd7 Qe6 52. Rb7 Bh6 53. Qc5+ Kg8 54. Bd5 1-0

[Event "EU-ch Amateur Online Final 1400/1700"]
[Site "Tornelo INT"]
[Date "2021.04.18"]
[Round "9"]
[White "Boci, Mateo"]
[Black "Dereka, Konstantina"]
[Result "1-0"]
[WhiteElo "1286"]
[BlackElo "1591"]
[PlyCount "83"]
[EventDate "2021.04.18"]
[EventType "swiss (rapid)"]
[EventRounds "9"]
[EventCountry "NET"]
[SourceTitle "EXT 2023"]
[Source "ChessBase"]
[SourceDate "2022.10.05"]
[SourceVersion "1"]
[SourceVersionDate "2022.10.05"]
[SourceQuality "1"]

1. e4 c5 2. Nf3 e6 3. d4 cxd4 4. Nxd4 Nf6 5. Nc3 d6 6. Be3 a6 7. Be2 Be7 8. 0-0 0-0 9. f4 b5 10. a3 Bb7 11. Bf3 Nbd7 12. f5 e5 13. Nb3 Nc5 14. Nxc5 dxc5 15. Nd5 Bxd5 16. exd5 e4 17. Be2 Nxd5 18. Qc1 Qc7 19. c4 Nxe3 20. Qxe3 Bf6 21. Qxe4 Bxb2 22. Rab1 Bd4+ 23. Kh1 Rfe8 24. Qf3 bxc4 25. Bxc4 Qe5 26. h3 Rad8 27. Rb7 Re7 28. Rxe7 Qxe7 29. Bxa6 Qa7 30. Bc4 Qa4 31. Bb3 Qe8 32. Qg4 Bf6 33. Qf3 Qe5 34. Qb7 Qe7 35. Qb6 Bd4 36. Qc6 Qd6 37. Qf3 Bf6 38. a4 Qd3 39. Qxd3 Rxd3 40. Rb1 Bd4 41. Bc4 Be5 42. Bxd3 1-0

[Event "Wch FIDE Online U10 Europe qual"]
[Site "Tornelo INT"]
[Date "2020.12.09"]
[Round "6"]
[White "Negrean, Andrei"]
[Black "Boci, Mateo"]
[Result "1-0"]
[WhiteElo "1544"]
[BlackElo "1257"]
[PlyCount "137"]
[EventDate "2020.12.07"]
[EventType "swiss (rapid)"]
[EventRounds "7"]
[EventCountry "ISS"]
[SourceTitle "EXT 2022"]
[Source "ChessBase"]
[SourceDate "2021.10.06"]
[SourceVersion "1"]
[SourceVersionDate "2021.10.06"]
[SourceQuality "1"]

1. e4 e6 2. d4 d5 3. Nd2 Nf6 4. e5 Nfd7 5. Bd3 c5 6. c3 Nc6 7. Ne2 Be7 8. f4 Qb6 9. Nf3 f6 10. b3 fxe5 11. fxe5 0-0 12. Be3 cxd4 13. cxd4 Ndxe5 14. Nxe5 Nxe5 15. Bc2 Ng4 16. Qd3 Nf6 17. 0-0 g6 18. Ng3 Bd7 19. a4 Rac8 20. h3 Qc7 21. Bh6 Qxc2 22. Qxc2 Rxc2 23. Bxf8 Kxf8 24. Rac1 Rxc1 25. Rxc1 Bd6 26. Kf2 Bf4 27. Re1 Bxg3+ 28. Kxg3 Ne4+ 29. Kf4 Ke7 30. Rc1 Bc6 31. h4 h6 32. b4 a6 33. b5 axb5 34. axb5 Bxb5 35. Rc7+ Kf6 36. Rxb7 Bc4 37. Rb2 Nf2 38. Rxf2 Ke7 39. Ke5 Bd3 40. Rf6 Bf5 41. h5 gxh5 42. Rxh6 Bg4 43. Rh7+ Kf8 44. Kf6 Ke8 45. Re7+ Kd8 46. Rxe6 Kd7 47. Re5 Kd6 48. Rg5 Be2 49. Kg6 h4 50. Re5 Bf1 51. Rg5 Be2 52. Kf5 Bf1 53. Kf4 h3 54. g3 Bg2 55. Rh5 Ke6 56. g4 Kf7 57. Kf5 Kg7 58. Kf4 Kf7 59. Kg3 Kg6 60. Rxh3 Bxh3 61. Kxh3 Kg5 62. Kg3 Kg6 63. Kf4 Kf6 64. g5+ Kg6 65. Kg4 Kg7 66. Kf5 Kf7 67. Ke5 Kg6 68. Kxd5 Kxg5 69. Ke6 1-0

[Event "Wch FIDE Online U10 Europe qual"]
[Site "Tornelo INT"]
[Date "2020.12.07"]
[Round "1"]
[White "Boci, Mateo"]
[Black "Beliman, Alexandro"]
[Result "1-0"]
[WhiteElo "1257"]
[BlackElo "1668"]
[PlyCount "63"]
[EventDate "2020.12.07"]
[EventType "swiss (rapid)"]
[EventRounds "7"]
[EventCountry "ISS"]
[SourceTitle "EXT 2022"]
[Source "ChessBase"]
[SourceDate "2021.10.06"]
[SourceVersion "1"]
[SourceVersionDate "2021.10.06"]
[SourceQuality "1"]

1. e4 e6 2. d4 d5 3. Nc3 Bb4 4. e5 c5 5. a3 Bxc3+ 6. bxc3 Ne7 7. Qg4 Nf5 8. Bd3 h5 9. Qf4 Qh4 10. Qxh4 Nxh4 11. g3 Ng6 12. Nf3 Ne7 13. a4 Nd7 14. Ba3 b6 15. 0-0 Bb7 16. Rfb1 Rc8 17. a5 Bc6 18. Ba6 Rc7 19. Bc1 f6 20. exf6 gxf6 21. Bf4 e5 22. dxe5 fxe5 23. Nxe5 Rh7 24. Nf3 Rb7 25. Bxb7 Bxb7 26. axb6 axb6 27. Ra7 Bc6 28. Re1 d4 29. Ng5 Rg7 30. Ne6 Rg6 31. Bd6 Rh6 32. Nc7+ 1-0

[Event "Balkan-ch U10"]
[Site "Tornelo INT"]
[Date "2020.11.01"]
[Round "5"]
[White "Gkavardinas, Antonios"]
[Black "Boci, Mateo"]
[Result "1-0"]
[WhiteElo "1211"]
[BlackElo "1257"]
[PlyCount "97"]
[EventDate "2020.10.31"]
[EventType "swiss"]
[EventRounds "7"]
[EventCountry "NET"]
[SourceTitle "EXT 2023"]
[Source "ChessBase"]
[SourceDate "2022.10.05"]
[SourceVersion "1"]
[SourceVersionDate "2022.10.05"]
[SourceQuality "1"]

1. e4 e6 2. d4 d5 3. Nc3 Nf6 4. Bg5 Be7 5. e5 Nfd7 6. Bxe7 Qxe7 7. f4 a6 8. Nf3 c5 9. Qd2 Nc6 10. dxc5 Nxc5 11. Bd3 b5 12. 0-0 0-0 13. Ne2 f6 14. exf6 Qxf6 15. c3 Nxd3 16. Qxd3 h6 17. Ned4 Bd7 18. Rae1 Rae8 19. Nxc6 Bxc6 20. Nd4 Bd7 21. Rf3 Re7 22. Qe3 Rfe8 23. Qe5 Qxe5 24. Rxe5 a5 25. Rfe3 Kf7 26. Nb3 a4 27. Nc5 Bc8 28. b3 Rc7 29. b4 Rce7 30. a3 g6 31. Kf2 Rd8 32. Rd3 Kf6 33. Ke3 g5 34. Ne4+ Kg6 35. fxg5 Rf8 36. Ng3 hxg5 37. Rdxd5 exd5 38. Rxe7 Kf6 39. Rc7 Ke6 40. Rc6+ Ke5 41. Ne2 g4 42. Rh6 Re8 43. Rh5+ Kd6+ 44. Kd3 Rf8 45. Kd4 Be6 46. Ke3 Re8 47. Rh6 Ke5 48. Nd4 Bd7 49. h4 1-0

[Event "EU-ch Online U12"]
[Site "Tornelo INT"]
[Date "2020.09.20"]
[Round "9"]
[White "Boci, Mateo"]
[Black "Robertson, Callum"]
[Result "1-0"]
[WhiteElo "1257"]
[BlackElo "1601"]
[PlyCount "65"]
[EventDate "2020.09.18"]
[EventType "swiss (rapid)"]
[EventRounds "9"]
[EventCountry "NET"]
[SourceTitle "EXT 2023"]
[Source "ChessBase"]
[SourceDate "2022.10.05"]
[SourceVersion "1"]
[SourceVersionDate "2022.10.05"]
[SourceQuality "1"]
[WhiteTeam "Albania"]
[BlackTeam "Schottland"]
[WhiteTeamCountry "ALB"]
[BlackTeamCountry "SCO"]

1. e4 c5 2. Nf3 Nc6 3. d4 cxd4 4. Nxd4 Nf6 5. Nc3 e5 6. Ndb5 d6 7. Bg5 a6 8. Na3 b5 9. Nd5 Be7 10. Bxf6 Bxf6 11. Bd3 0-0 12. 0-0 Bg5 13. c3 Be6 14. Nc2 Bxd5 15. exd5 Ne7 16. b3 f5 17. c4 bxc4 18. bxc4 e4 19. Be2 Ng6 20. Nd4 f4 21. Ne6 Qf6 22. Nxf8 Rxf8 23. Bg4 f3 24. g3 Bh4 25. Re1 Qe5 26. gxh4 Qf4 27. Be6+ Kh8 28. Qd4 Qxh4 29. Rxe4 Nf4 30. Kh1 Qg5 31. Rg1 Ng2 32. Rg4 Qh5 33. Qxg7# 1-0

[Event "EU-ch Online U12"]
[Site "Tornelo INT"]
[Date "2020.09.19"]
[Round "6"]
[White "Buanne, Luca"]
[Black "Boci, Mateo"]
[Result "0-1"]
[WhiteElo "1617"]
[BlackElo "1257"]
[PlyCount "114"]
[EventDate "2020.09.18"]
[EventType "swiss (rapid)"]
[EventRounds "9"]
[EventCountry "NET"]
[SourceTitle "EXT 2023"]
[Source "ChessBase"]
[SourceDate "2022.10.05"]
[SourceVersion "1"]
[SourceVersionDate "2022.10.05"]
[SourceQuality "1"]
[WhiteTeam "England"]
[BlackTeam "Albania"]
[WhiteTeamCountry "ENG"]
[BlackTeamCountry "ALB"]

1. e4 e6 2. d4 d5 3. Nc3 Nf6 4. Bg5 Be7 5. e5 Nfd7 6. Bxe7 Qxe7 7. Qd2 a6 8. f4 c5 9. Nf3 Nc6 10. 0-0-0 c4 11. g4 b5 12. Kb1 Rb8 13. Ne2 b4 14. c3 a5 15. Bh3 f6 16. Rde1 a4 17. Nc1 Nb6 18. exf6 gxf6 19. g5 f5 20. Bxf5 0-0 21. Bh3 bxc3 22. Qxc3 Rxf4 23. Ne5 Nxd4 24. Qg3 Qf8 25. g6 Rb7 26. gxh7+ Kxh7 27. Qg6+ Kh8 28. Qh5+ Rh7 29. Ng6+ Kg7 30. Qxh7+ Kxh7 31. Nxf8+ Rxf8 32. Ne2 Nf3 33. Rd1 Ng5 34. Bg4 Ne4 35. Rhg1 Bd7 36. Nd4 e5 37. Bxd7 Nxd7 38. Nc6 d4 39. Rge1 Nf2 40. Rd2 Nd3 41. Rg1 Rf6 42. Na5 Nb6 43. Nxc4 Nxc4 44. Rxd3 Rd6 45. Rdg3 e4 46. Rg7+ Kh6 47. R7g3 Kh7 48. Rh3+ Rh6 49. Rxh6+ Kxh6 50. Rg4 d3 51. Rxe4 Nd2+ 52. Kc1 Nxe4 53. b3 axb3 54. axb3 Kg5 55. b4 Kf4 56. b5 Ke3 57. b6 d2+ 0-1

[Event "EU-ch Online U12"]
[Site "Tornelo INT"]
[Date "2020.09.18"]
[Round "3"]
[White "Poupalos, Nikolaos"]
[Black "Boci, Mateo"]
[Result "1-0"]
[WhiteElo "1879"]
[BlackElo "1257"]
[PlyCount "131"]
[EventDate "2020.09.18"]
[EventType "swiss (rapid)"]
[EventRounds "9"]
[EventCountry "NET"]
[SourceTitle "EXT 2023"]
[Source "ChessBase"]
[SourceDate "2022.10.05"]
[SourceVersion "1"]
[SourceVersionDate "2022.10.05"]
[SourceQuality "1"]
[WhiteTeam "Greece"]
[BlackTeam "Albania"]
[WhiteTeamCountry "GRE"]
[BlackTeamCountry "ALB"]

1. e4 e6 2. d4 d5 3. Nc3 Nf6 4. Bg5 Be7 5. e5 Nfd7 6. Bxe7 Qxe7 7. f4 a6 8. Nf3 0-0 9. Qd2 c5 10. dxc5 Nxc5 11. 0-0-0 Nc6 12. Kb1 b5 13. Bd3 b4 14. Ne2 a5 15. Ned4 Bd7 16. Nxc6 Bxc6 17. Nd4 Bd7 18. g4 Rab8 19. Rhe1 a4 20. f5 b3 21. cxb3 axb3 22. a3 Rfc8 23. Qf4 Nxd3 24. Rxd3 Qh4 25. Rf1 exf5 26. Nxf5 Bxf5 27. Qxf5 Qe7 28. Rxd5 Rc7 29. Rfd1 Qf8 30. Qg5 Rcc8 31. Rd7 h6 32. Qf5 g6 33. Qf4 Qe8 34. h4 Rc2 35. h5 g5 36. Qf6 Rbc8 37. e6 Qxe6 38. Rd8+ Qe8 39. Rxe8+ Rxe8 40. Rd8 Rce2 41. Rxe8+ Rxe8 42. Kc1 Re6 43. Qd8+ Kg7 44. Qd4+ Kh7 45. Qd3+ Kg7 46. Qxb3 Re4 47. Qc3+ Kg8 48. Qc8+ Kg7 49. Qf5 Rf4 50. Qe5+ Kh7 51. b4 Kg8 52. b5 Rxg4 53. Qe8+ Kg7 54. b6 Rg3 55. b7 Rb3 56. b8Q Rxb8 57. Qxb8 f5 58. Qe5+ Kg8 59. Qxf5 g4 60. Qxg4+ Kh8 61. a4 Kh7 62. a5 Kh8 63. a6 Kh7 64. a7 Kh8 65. a8R+ Kh7 66. Qg6# 1-0

[Event "Ohrid Lasker U20 op"]
[Site "Ohrid"]
[Date "2019.10.13"]
[Round "7"]
[White "Velkoski, Stojan"]
[Black "Boci, Mateo"]
[Result "1-0"]
[WhiteElo "1610"]
[BlackElo "1237"]
[PlyCount "123"]
[EventDate "2019.10.10"]
[EventType "swiss"]
[EventRounds "7"]
[EventCountry "MKD"]
[SourceTitle "CBM 192 Extra"]
[Source "Chessbase"]
[SourceDate "2019.11.06"]
[SourceVersion "1"]
[SourceVersionDate "2019.11.06"]
[SourceQuality "1"]

1. e4 e5 2. Nf3 Nc6 3. Bc4 Bc5 4. 0-0 Nf6 5. d3 0-0 6. c3 h6 7. Nbd2 d6 8. h3 Be6 9. Bxe6 fxe6 10. Qb3 Qc8 11. Re1 Nh5 12. Nf1 b6 13. Qb5 Qd7 14. d4 a6 15. Qd3 exd4 16. cxd4 Bb4 17. Bd2 Bxd2 18. Qxd2 Nf4 19. Ng3 Nxh3+ 20. Kh2 Nf4 21. Rac1 Rf7 22. Rc3 Ne7 23. Rec1 c6 24. Ne2 Raf8 25. Nxf4 Rxf4 26. Qe2 Qe8 27. Qxa6 b5 28. Qa3 d5 29. exd5 b4 30. Qxb4 Nxd5 31. Qd6 Nxc3 32. Rxc3 Qg6 33. Ne5 Rh4+ 34. Rh3 Rxh3+ 35. Kxh3 Qh5+ 36. Kg3 Qg5+ 37. Kh3 Rf4 38. Qxe6+ Kh7 39. Nf3 Qf5+ 40. Qxf5+ Rxf5 41. Kg4 Ra5 42. a3 g5 43. Ne5 Ra4 44. Nxc6 Rc4 45. Ne5 Rxd4+ 46. Kf3 Rd2 47. Nc4 Rc2 48. b3 Rc3+ 49. Ke4 Rxb3 50. Kd4 Kg6 51. a4 Rb4 52. a5 Kf5 53. Kc5 Rb1 54. a6 h5 55. a7 Ra1 56. Kb6 h4 57. Na5 Rb1+ 58. Ka6 Rb2 59. a8Q Kg6 60. Qe4+ Kh6 61. Qe6+ Kh5 62. Qf7+ 1-0

[Event "Ohrid Lasker U20 op"]
[Site "Ohrid"]
[Date "2019.10.12"]
[Round "6"]
[White "Boci, Mateo"]
[Black "Popzafirov, Danail"]
[Result "0-1"]
[WhiteElo "1237"]
[BlackElo "1410"]
[PlyCount "58"]
[EventDate "2019.10.10"]
[EventType "swiss"]
[EventRounds "7"]
[EventCountry "MKD"]
[SourceTitle "CBM 192 Extra"]
[Source "Chessbase"]
[SourceDate "2019.11.06"]
[SourceVersion "1"]
[SourceVersionDate "2019.11.06"]
[SourceQuality "1"]

1. e4 c5 2. Nf3 e6 3. d4 cxd4 4. Nxd4 a6 5. Nc3 Qc7 6. Be3 Nc6 7. Qd2 Nf6 8. Be2 Bb4 9. f3 d5 10. 0-0 dxe4 11. f4 Nd5 12. Nxc6 Qxc6 13. Bd4 Nxc3 14. bxc3 Bc5 15. Rad1 Bd7 16. Kh1 0-0-0 17. Qc1 f6 18. Bxc5 Qxc5 19. Rd4 Bc6 20. Rc4 Qb6 21. f5 e5 22. Re1 Rd6 23. Rb4 Qa7 24. Bf1 Rhd8 25. Rb1 Rd2 26. Qb2 Qf2 27. Rec1 e3 28. Qb6 Bxg2+ 29. Bxg2 Qxg2# 0-1

[Event "Ohrid Lasker U20 op"]
[Site "Ohrid"]
[Date "2019.10.12"]
[Round "5"]
[White "Mateski, Julian"]
[Black "Boci, Mateo"]
[Result "0-1"]
[WhiteElo "1263"]
[BlackElo "1237"]
[PlyCount "72"]
[EventDate "2019.10.10"]
[EventType "swiss"]
[EventRounds "7"]
[EventCountry "MKD"]
[SourceTitle "CBM 192 Extra"]
[Source "Chessbase"]
[SourceDate "2019.11.06"]
[SourceVersion "1"]
[SourceVersionDate "2019.11.06"]
[SourceQuality "1"]

1. d4 Nf6 2. Nf3 g6 3. c4 Bg7 4. Nc3 d6 5. e3 0-0 6. Bd3 Nbd7 7. b3 c5 8. d5 e6 9. Bb2 exd5 10. cxd5 Nxd5 11. Nxd5 Bxb2 12. Rb1 Bg7 13. 0-0 b6 14. Be4 Ba6 15. Re1 Re8 16. Nf6+ Bxf6 17. Bxa8 Qxa8 18. Qxd6 Qb7 19. Red1 Re7 20. Ne5 Rxe5 21. Qxd7 Qe4 22. Qd6 Rg5 23. f3 Qxe3+ 24. Kh1 Be2 25. Re1 Qxf3 26. Rg1 Bd4 27. Qd8+ Kg7 28. Qxg5 Qd3 29. Rge1 h6 30. Qe7 Bh5 31. Rf1 g5 32. Rbd1 Qg6 33. Rd2 Bf6 34. Qxa7 Bd4 35. Qe7 Bf6 36. Rxf6 Qb1+ 0-1

[Event "Struga Lake Queen op"]
[Site "Struga"]
[Date "2019.09.08"]
[Round "4"]
[White "Velkoski, Stojan"]
[Black "Boci, Mateo"]
[Result "1-0"]
[WhiteElo "1499"]
[BlackElo "1318"]
[PlyCount "107"]
[EventDate "2019.09.07"]
[EventType "swiss"]
[EventRounds "7"]
[EventCountry "MKD"]
[SourceTitle "EXT 2020"]
[Source "ChessBase"]
[SourceDate "2019.10.17"]
[SourceVersion "1"]
[SourceVersionDate "2019.10.17"]
[SourceQuality "1"]

1. e4 e5 2. Nf3 Nc6 3. Bc4 Bc5 4. 0-0 Nf6 5. d4 Bxd4 6. Nxd4 Nxd4 7. Bg5 h6 8. Bh4 0-0 9. f4 Nc6 10. fxe5 Nxe5 11. Bxf6 gxf6 12. Bb3 d6 13. Nc3 Bg4 14. Qd2 Kh7 15. Nd5 Nd7 16. Qc3 c6 17. Nxf6+ Nxf6 18. Qxf6 Bh5 19. h3 Bg6 20. Rad1 Qxf6 21. Rxf6 Bxe4 22. Rdxd6 Bg6 23. Rd7 Kg7 24. Rfd6 Rab8 25. Rc7 Rfc8 26. Rxc8 Rxc8 27. Rd7 b6 28. Rxa7 b5 29. a4 b4 30. Rb7 c5 31. c3 c4 32. Bd1 b3 33. Be2 Bd3 34. Bxd3 cxd3 35. Kf2 Re8 36. Rd7 Re2+ 37. Kf3 Rxb2 38. Rxd3 Ra2 39. Rd1 b2 40. Rb1 Kf6 41. Ke2 Kg5 42. Kd2 Kh4 43. Kc2 Rxa4 44. Rxb2 Kg3 45. Kb3 Ra6 46. Rc2 f6 47. c4 Kf4 48. c5 Rc6 49. Kb4 Ke5 50. Kb5 Rc8 51. c6 Kd6 52. Rd2+ Kc7 53. Rd7+ Kb8 54. Kb6 1-0